00515nam a2200205Ia 4500001000700000003000500007008004100012010001100053040000900064082001100073100002100084245008300105260003600188300001100224440000500235500000500240503000500245650001600250650004300266Z_4004CHAP220113s1983 xx 000 0 und d a167064 cCHAP a574 R8 aRussek, Mauricio aRegulación y control en biología /cpor Mauricio Russek y Michel Cabanac aMéxico, D.F. :bCECSA,c1983 a148 p. a a a aBiología  aFisiología animal I. Cabanac, Michel